| 000 | 01050nam a22002057a 4500 | ||
|---|---|---|---|
| 003 | KOHA_MİRAKIL | ||
| 005 | 20260414083841.0 | ||
| 008 | 260414b tu ||||| |||| 00| 0 tur d | ||
| 040 |
_aTR-AnABB _btur _cTR-AnABB |
||
| 041 | _atur | ||
| 082 |
_a307.12 _bTEK 1972 |
||
| 100 | 1 | _aTekeli, İlhan | |
| 245 | 1 | 0 |
_aBölge planlama üzerine / _cİlhan Tekeli |
| 260 |
_aİstanbul : _bİstanbul Teknik Üniversitesi Mimarlık Fakültesi, _c1972 |
||
| 300 |
_a180 sayfa ; _c20 cm |
||
| 500 | _aYazar tarafından Prof. Dr. Ruşen Keleş için imzalanmıştır. | ||
| 505 | _aiçindekiler: Türkiyede bölge planlama ve eğitimi hakkında düşünceler - Bölgelerin ve sınırların tanımlanması ile ilgili sorunlar ve teknikler - Türkiye'de bugünkü müesseseler düzeninde hazırlanması istenilen ve uygulamaya dönük diye adlandırılan bölge planlarının hazırlanması için bir yaklaşım denemesi - Anadoluda mekan organizasyonunun evrimi ve bölge planlama çalışmaları | ||
| 650 | 0 | 4 | _aBölge planlama |
| 942 |
_2ddc _cBK |
||
| 999 |
_c10226 _d10226 |
||
| 900 | _bCan ÇELIK | ||